000 00386nam a2200157Ia 4500
008 230116s9999 xx 000 0 und d
020 _a0470204540
041 _aeng
082 _a720.22
100 _aDeasy C M.
_9106475
245 _aDesign For Human Affairs.
260 _bJohn Willy And Sons New York.
_c1974
300 _a184
906 _b37.0
999 _c84063
_d84063